00903nam a2200241 a 450000100100000000500170001000800410002702000150006804000250008308200180010810000320012624500710015826000450022930000260027449000290030050000770032965000280040665000420043483000370047604900090051395201220052299900170064400002314520200930022022.0101129s1991 sp r 000 f spa d a8423320456 aDO-SdBNPbspacBNPHU a863.64bR558c1 aRiera, Carme,c1949-94765810aContra el amor en compañía :by otros cuentos /cCarmen Riera. aBarcelona, (España) :bDestino,c1991. a216, [1] p. ;c20 cm.1 aÁncora y delfínv673 aIncluye datos biográficos del autor en la solapa de la contracubierta. 4aNovela española91123 4aLiteratura españolaySIGLO XX93326 0aÁncora y delfín ;v67394704 aBNGR 001054708MOaGRbGRcCTd2010-11-29iLF1l0o863.64 R558cp23145-10r2020-06-25w2020-06-25y4ZPréstamo en sala c22642d22642